| 000 | 00426nam a2200169Ia 4500 | ||
|---|---|---|---|
| 001 | 21371 | ||
| 008 | 140408s9999 xx 000 0 und d | ||
| 020 | _a0-340-76098-2 | ||
| 040 | _cPK-LaUMT | ||
| 082 |
_a 610 _bWIL-M |
||
| 100 | _aMark Wilson | ||
| 245 | 4 |
_aThe medic's guide to work and electives around the world _cMark Wilson |
|
| 260 |
_aLondon,UK: _bAronld, _c2000 |
||
| 300 | _a481 p. | ||
| 546 | _aEN | ||
| 942 | _cBK | ||
| 999 |
_c21684 _d21684 |
||